Podmienky pre úspešnú inováciu poistných produktov komerčných poisťovní v SR
Životné poistenie na Slovensku. Podiel životného a neživotného poistenia. Podmienky pre úspešnú inováciu poistných produktov. Iniciátor procesu inovácie. Inovácia produktov komerčných poisťovní v SR. Charakteristika produktu investičného životného poistenia. Vývoj inovácie produktu investičného živo...
Gespeichert in:
| 1. Verfasser: | |
|---|---|
| Format: | Buchkapitel |
| Sprache: | Slowakisch |
| Schlagworte: | |
| Tags: |
Keine Tags, Fügen Sie das erste Tag hinzu!
|
MARC
| LEADER | 00000naa$a2200000$$$4500 | ||
|---|---|---|---|
| 001 | 0112976 | ||
| 005 | 20231116103002.1 | ||
| 041 | 0 | |a slo | |
| 044 | |a SK | ||
| 245 | 1 | 0 | |a Podmienky pre úspešnú inováciu poistných produktov komerčných poisťovní v SR |c Oto Košík |
| 520 | |a Životné poistenie na Slovensku. Podiel životného a neživotného poistenia. Podmienky pre úspešnú inováciu poistných produktov. Iniciátor procesu inovácie. Inovácia produktov komerčných poisťovní v SR. Charakteristika produktu investičného životného poistenia. Vývoj inovácie produktu investičného životného poistenia v SR. | ||
| 610 | 2 | 0 | |a Slovensko |
| 610 | 2 | 0 | |a inovácia |
| 610 | 2 | 0 | |a poistenie životné |
| 610 | 2 | 0 | |a poisťovníctvo |
| 610 | 2 | 0 | |a poistenie životné investičné |
| 610 | 2 | 0 | |a poisťovne komerčné |
| 100 | 1 | |a Košík, Oto | |